Les 200 plus grandes villes de France en Auvergne Rhône Alpes - Statistiques

Statistiques générales
  • Ce quiz a été pris 609 fois
  • Le résultat moyen est 11 sur 16
Statistiques - réponses
Ville
Population
(en milliers)
% Correct
3 Lyon 522
99%
14 Saint Étienne 173
97%
16 Grenoble 158
96%
29 Annecy 130
92%
22 Clermont-Ferrand 147
91%
20 Villeurbanne 152
91%
97 Chambéry 58
87%
83 Valence 64
82%
179 Bourg en Bresse 41
74%
77 Vénissieux 67
70%
119 Vaulx en Velin 52
48%
173 Bron 42
47%
141 Saint Priest 46
45%
189 Montélimar 39
43%
167 Caluire et Cuire 43
39%
199 Saint Martin d'Hères 37
25%
Aucun quiz correspondant
Distribution des résultats
% des personnes avec chaque résultat
Percentile par nombre de réponses
Votre historique - résultats
Vous n’avez pas pris ce quiz